| 000 | 00463nam a22001577a 4500 | ||
|---|---|---|---|
| 005 | 20231011155434.0 | ||
| 008 | 231011b |||||||| |||| 00| 0 eng d | ||
| 020 | _a0789562812 | ||
| 082 |
_a005.7565 _bSHE |
||
| 100 | _aShelly, Gary B. | ||
| 245 | _aMicrosoft Access 2002 : comprehensive concepts and techniques | ||
| 260 |
_aUSA _bThomsons Learning _c2002 |
||
| 500 | _aQuick Reference Summary,Index,Appendix Given. | ||
| 650 | _aComputer | ||
| 942 |
_iBook _6BOOK |
||
| 999 |
_c33861 _d33861 |
||